1748 1448 1832 1342 1732 1682 1259 1881 1643 1689 1979 1090 1589 1796 1793 1757 1947 1235 1372 1147 1878 1689 1669 1909 1687 1616 1767 1155 1726 1153 1887 1057 1115 1612 1871 1593 1589 1885 1851 1569 1390 1203 1891 1512 1310 1134 1575 1030 1485 1178 1402 1103 1052 1249 1781 1441 1003 1327 1003 1510 1505 1511 1836 1771 1183 1676 1720 1577 1768 1675 1645 1719 1761 1541 1886 1079 1696 1471 1131 1853 1190 1901 1309 1682 1304 1625 1473 1596 1389 2000 1188 1665 1668 1416 1377 1113 1799 1477 1492 BCNSPRNW ULIB Ver.6.0+V

เปลี่ยนเป็นภาษาไทย

Change to English
 แสดงรายละเอียดบรรณานุกรม
  กลับหน้าหลัก

Brief Record : Get Marc (ISO 2709) : E-mail record : QR code < ปิดหน้าต่าง
LEADER : 00000nam a2200000Ia 4500
001    13399114813
003     ULIB
008    091211s2552 th a 000 0 tha d
020    9789744178465
050  4 ^aDS578.32.B4^bส243
245 00 ^aจดหมายเหตุงานฉลองพระชนมายุ 84 พรรษาสมเด็จพระเจ้าภคินีเธอ เจ้าฟ้าเพชรรัตนราชสุดา สิริโสภาพัณณวดี ^cกรมประชาสัมพันธ์ สำนักนายกรัฐมนตรี
260    ^aกรุงเทพฯ :^bกรมประชาสัมพันธ์ สำนักนายกรัฐมนตรี,^c2552
300    ^a134 หน้า :^bภาพประกอบ (ภาพสีบางภาพ) ;^c27 ซม.
500    ^aรัฐบาลในพระบาทสมเด็จพระปรมินทรมหาภูมิพลอดุลยเดช จัดพิมพ์ทูลเกล้ากระหม่อมถวายพระกรุณาธิคุณ ในงานฉลองพระชนมายุ 84 พรรษากรุณาสมเด็จพระเจ้าภคินีเธอ เจ้าฟ้าเพชรรัตนราชสุดา สิริโสภาพัณณวดี วันอังคารที่ 24 พฤศจิกายน พุทธศักราช 2552
600 04 ^aเพชรรัตนราชสุดา สิริโสภาพัณณวดี,^cสมเด็จฯ เจ้าฟ้า,^d2468-
710 2  ^aกรมประชาสัมพันธ์
945    ^p0^l0^i031799
995    ^a เกษร
999 ^a ใช้งานได้ทุกระบบ
รายการนี้ยังไม่มีแท็ก
คุณยังไม่ได้ล็อกอิน คุณสามารถมีกิจกรรมร่วมกับเว็บไซต์ได้ แต่ต้องล็อกอินก่อน ::
  ล็อกอิน

รายการสื่อสารสนเทศ

ลำดับที่ ประเภท เลขเรียก/บาร์โค้ด สถานที่ สถานะ
- ไม่พบข้อมูล -

BibComment


ยังไม่เคยถูกคอมเมนท์

คอมเมนท์ทรัพยากรรายการนี้
  คอมเมนท์: จดหมายเหตุงานฉลอ..


 Copyright 2026. Bcnsprnw @Library